=LDR 00000nam 2200000 4500 =001 INLIS000000000003394 =005 20200707104226 =035 ##$$a 0010-061300000003394 =008 200707################g##########0#ind## =041 ##$$a Ind =082 ##$$a 2X6.2 =090 ##$$a 2X6.2, Aww s =100 1#$$a Awwas, Irfan S =245 1#$$a Sepuluh musuh cita-cita menuju Indonesia baru berlandaskan Islam /$c Irfan S Awwas =260 ##$$a Yogyakarta :$b Wihdah Press,$c 1999 =300 ##$$a xiii, 163 hlm. ; $c 14x20 cm =650 #4$$a Islam - Politik =850 ##$$a NBPNMAT =084 ##$$a 2X6.2 AWW s =250 ##$$a cet.1 =990 ##$$a DW99007841 =990 ##$$a DW99007842 =990 ##$$a 139.593 pb.98 =990 ##$$a DW00026843 =990 ##$$a 139.593 pb.98 =990 ##$$a DW99007841 =990 ##$$a DW99007842 =990 ##$$a DW00026843